|
|
|
|
| LEADER |
01461nam a2200289 a 4500 |
| 001 |
10292555 |
| 008 |
090520r20062001xx 000 0 eng d |
| 010 |
|
|
|a 59015472
|
| 020 |
|
|
|a 8181281217
|
| 040 |
|
|
|a DLC
|c ODaWU
|d Uk
|d DLC
|
| 082 |
0 |
4 |
|a 620.1064
|2 22
|
| 100 |
1 |
|
|a Schlichting, Hermann,
|d 1907-
|
| 245 |
1 |
0 |
|a Boundary layer theory.
|
| 250 |
|
|
|a 8th revised and enlarged ed.
|
| 260 |
|
|
|a New York:
|b McGraw-Hill;
|a India:
|b Springer,
|c 2001(reprinted 2006).
|
| 300 |
|
|
|a 799 p.
|
| 490 |
1 |
|
|a McGraw-Hill series in mechanical engineering
|
| 504 |
|
|
|a Includes bibliography.
|
| 541 |
1 |
|
|e 00016359
|
| 650 |
|
0 |
|a Boundary layer.
|
| 700 |
1 |
|
|a Green,Klaus.
|
| 852 |
4 |
|
|a Ayesha Abed Library
|j General She
|
| 999 |
|
|
|c 979
|d 979
|
| 952 |
|
|
|0 0
|1 0
|2 ddc
|4 0
|6 620_106400000000000_SCH_2006
|7 0
|9 887
|a BRACUL
|b BRACUL
|c GEN
|d 2007-08-20
|e Essence Science Publication
|g 1256.00
|l 1
|m 4
|o 620.1064 SCH
|p 3010016359
|r 2017-11-20
|s 2017-10-17
|t 1
|w 2009-06-22
|y BK
|
| 952 |
|
|
|0 0
|1 0
|2 ddc
|4 0
|6 620_106400000000000_SCH_2007
|7 0
|9 12564
|a BRACUL
|b BRACUL
|c GEN
|d 2010-10-19
|l 3
|m 4
|o 620.1064 SCH
|p 3010018629
|r 2018-03-06
|s 2017-10-17
|t 2
|w 2010-10-19
|y BK
|
| 952 |
|
|
|0 0
|1 0
|2 ddc
|4 0
|6 620_106400000000000_SCH_2007
|7 0
|9 12565
|a BRACUL
|b BRACUL
|c GEN
|d 2010-10-19
|l 1
|m 13
|o 620.1064 SCH
|p 3010018630
|r 2017-12-24
|s 2017-09-17
|t 3
|w 2010-10-19
|y BK
|
| 952 |
|
|
|0 0
|1 0
|2 ddc
|4 0
|6 620_106400000000000_SCH_2006
|7 0
|9 12566
|a BRACUL
|b BRACUL
|c GEN
|d 2010-10-19
|l 1
|m 16
|o 620.1064 SCH
|p 3010016360
|r 2017-12-21
|s 2017-09-17
|t 4
|w 2010-10-19
|y BK
|